| 000 | 01338cab a2200253 4500 | ||
|---|---|---|---|
| 001 | ABS37445 | ||
| 008 | 090401t1987 xxu||||| |||| 00| 0 eng d | ||
| 035 | _a(Sirsi) u4550 | ||
| 041 | _aeng | ||
| 100 | _aBowie, N. | ||
| 245 | 4 | _aThe next decade | |
| 260 | _c1987 | ||
| 350 | _a0 | ||
| 490 |
_aEstates Gazette _v281 (6320) 7 February 1987, 517-519 (2) |
||
| 520 | _aIn this edited version of a paper given at the University of Reading, the author looks forward to the property market of the 1990s. Starts with a look at the social trends which affected the market in the 1920s to the 1960s and reviews the current situation, before commenting on some key factors which will influence the property market of the future under the headings, population, communications, employment, industry/services, internationalism, quality of life and the changing structure of the property professions. Concludes with a prediction of what the market will be like in the next decade, with particular reference to retail, commercial, leisure, residential and investment markets. | ||
| 650 | _aFORECASTS | ||
| 650 | _aHOUSING MARKET | ||
| 650 | _aLEISURE | ||
| 650 | _aPROPERTY-COMMERCIAL PROPERTY-OFFICE PROPERTY-OFFICE PROPERTY MARKET | ||
| 650 | _aSHOP MARKET | ||
| 690 | _aPROPERTY LAW AND PRACTICE | ||
| 942 | _n0 | ||
| 948 | _c04/03/1997 | ||
| 999 |
_c2747 _d2747 |
||